| 000 | 00719nam a22002177a 4500 | ||
|---|---|---|---|
| 003 | 0 | ||
| 005 | 20251029103239.0 | ||
| 008 | 251029b xxu||||| |||| 00| 0 eng d | ||
| 020 | _a979-8-89161-447-5 | ||
| 050 |
_aG 155.A1 _b.B76 2025 |
||
| 100 |
_aBrooks, Lucas, _eauthor. |
||
| 245 |
_aInternational cruise and maritime operations / _cLucas Brooks. |
||
| 260 |
_aJersey City, USA : _bAlexis Press, _c2025. |
||
| 300 |
_aviii, 269 pages : _bcolored illustrations ; _c27 cm. |
||
| 504 | _aIncludes bibliographical references and index. | ||
| 650 |
_aCruise lines _xManagement. |
||
| 650 |
_aCruise ships _xOperation. |
||
| 650 |
_aTourism _xManagement. |
||
| 650 |
_aMaritime industry _xManagement. |
||
| 942 |
_2lcc _cBK |
||
| 999 |
_c368394 _d368394 |
||